000 00984cab a22001935a 4500
001 L147048
008 090325e20090321xxk f v 000 0 eng d
035 _a(Sirsi) u147048
041 0 _aeng
100 1 _aLampard, Clive
245 0 0 _aWhen the going gets tough
260 _c2009
490 0 _aEstates Gazette
_v(0911) 21 March 2009, 116(1)
520 _aExplains that property investors may face difficult relationships with their banks during the current economic downturn and gives some advice on how to deal with this situation. Reveals that banks can freely transfer their rights to loans without the investor's consent and that a new lender could mean a dramatic change in the investor's banking relationship, which might involve a pre-pack. Cautions that investors should be aware of circumstances that can cause a default and the legal processes for enforcement.
590 _aKA
651 4 _aUnited Kingdom
_y
690 _aMANAGEMENT-CORPORATE RECOVERY
942 _n0
999 _c81362
_d81362